Impatient Optimist Bill Gates:In His Own Words (Record no. 119348)

MARC details
000 -LEADER
fixed length control field 00417nam a2200133Ia 4500
008 - FIXED-LENGTH DATA ELEMENTS--GENERAL INFORMATION
fixed length control field 211119s9999||||xx |||||||||||||| ||und||
082 ## - DEWEY DECIMAL CLASSIFICATION NUMBER
Classification number 808.882
Item number ROG-I
100 ## - MAIN ENTRY--PERSONAL NAME
Personal name Rogak, Lisa
245 #0 - TITLE STATEMENT
Title Impatient Optimist Bill Gates:In His Own Words
260 ## - PUBLICATION, DISTRIBUTION, ETC.
Name of publisher, distributor, etc. Harpercollins
Place of publication, distribution, etc. Noida
Date of publication, distribution, etc. 2012
300 ## - PHYSICAL DESCRIPTION
Extent 182p
650 ## - SUBJECT ADDED ENTRY--TOPICAL TERM
Topical term or geographic name entry element Literature & rhetoric
942 ## - ADDED ENTRY ELEMENTS (KOHA)
Koha item type BOOK
650 ## - SUBJECT ADDED ENTRY--TOPICAL TERM
Form subdivision Rhetoric & collections of literatureManagement
General subdivision MBA LIBRARY
Holdings
Withdrawn status Lost status Damaged status Not for loan Home library Current library Date acquired Cost, normal purchase price Total Checkouts Full call number Barcode Shelving location Date last seen Price effective from Koha item type
        SB LIBRARY SB LIBRARY 19/11/2021 199.00   808.882 ROG-I 00132836 MBA LIBRARY 19/11/2021 19/11/2021 BOOK

Powered by Koha